| 000 | 00737nam a2200265 a 4500 | ||
|---|---|---|---|
| 999 |
_c1919 _d1919 |
||
| 003 | UkOxU | ||
| 005 | 20210709100046.0 | ||
| 008 | 900626s1990 wb 001 0 eng d | ||
| 020 | _a9783540512585 | ||
| 020 | _a3540512586 | ||
| 040 | _cDLC | ||
| 050 | 0 |
_aRC261 _b.R35 1990 vol.118 |
|
| 060 | 0 | _aW1 RE106p v. 118 | |
| 060 | 0 | _aQZ 200 H8117 | |
| 092 | _aD0400619074 | ||
| 245 | 0 | 0 |
_aHormone-related malignant tumors / _cL. Beck ... [et al.] (eds.) |
| 260 |
_aBerlin ; _aLondon : _bSpringer-Verlag, _cc1990 |
||
| 300 |
_aix, 269 p. : _bill. ; _c25 cm. |
||
| 650 | 0 |
_aCancer _xEndocrine aspects |
|
| 650 | 0 |
_aEndocrine glands _xTumors |
|
| 700 | 1 | _aBeck, Lutwin. | |
| 830 | 0 | _v118. | |
| 942 |
_2lcc _cBK _nSO |
||